Come to think of it... : a book of essays /

Guardado en:
Autor Principal: Chesterton, G. K.
Formato: Libro
Publicado: London : Methuen & Co. Ltd., 1930
Materias:
Etiquetas: Agregar Etiqueta
Sin Etiquetas, Sea el primero en etiquetar este registro!
LEADER 00534nam a22001695a 4500
001 EHU.bham024774
008 130507s1930##################000#0#####d
005 20240515082238.0
245 1 0 |a Come to think of it... :  |b a book of essays /  |c G. K. Chesterton 
260 |a London :  |b Methuen & Co. Ltd.,  |c 1930 
300 |a 243 p. 
100 1 |a Chesterton, G. K. 
082 8 2 |a 824.9 CH946 
653 |a Colección Lejarraga 
653 |a Literatura inglesa 
653 |a Ensayo inglés 
859 |a AR-BHAM  |b BIB. HUMANIDADES - General  |h 824.9  |i CH946  |p 451.02  |t Ej.1